Návrh systému pre porovnávanie tovarov a služieb na webe

Uložené v:
Podrobná bibliografia
Hlavný autor: Zvolenský, Samuel (Autor)
Ďalší autori: Horák, Tibor (Vedúci práce)
Médium: Rukopis Kniha
Jazyk:Slovak
Vydavateľské údaje: 2025
Predmet:
On-line prístup:http://is.stuba.sk/zp/portal_zp.pl?podrobnosti=176753
Tagy: Pridať tag
Žiadne tagy, Buďte prvý, kto otaguje tento záznam!

MARC

LEADER 00000ntm a22000003a 4500
001 stuzp103812
003 SK-STU
005 20250628210857.1
007 ta
008 150427s2015----xo-----f-mn---000-0-slo-d
040 |a STU  |b slo 
041 0 |a slo 
100 1 |a Zvolenský, Samuel  |u 066000  |4 aut  |U MTF Materiálovotechnologická fakulta  |T MTF Ústav aplikovanej informatiky, automatizácie a mechatroniky  |X 121841  |U M6000  |Y 86  |7 121841 
242 0 1 |a Design of a system for comparing goods and services on the web  |y eng 
245 1 0 |a Návrh systému pre porovnávanie tovarov a služieb na webe 
260 |c 2025 
650 4 |a PostgreSQL  |2 slo 
650 4 |a porovnávanie cien  |2 slo 
650 4 |a automatizácia  |2 slo 
650 4 |a Web scraping  |2 slo 
650 4 |a online predaj  |2 slo 
650 4 |a Web scraping  |2 eng 
650 4 |a PostgreSQL  |2 eng 
650 4 |a price comparison  |2 eng 
650 4 |a online sales  |2 eng 
650 4 |a automation  |2 eng 
700 1 |a Horák, Tibor  |u 066000  |k Z2  |4 ths  |U MTF Materiálovotechnologická fakulta  |T MTF Ústav aplikovanej informatiky, automatizácie a mechatroniky  |X 8418  |U M6000  |Y 86  |7 8418 
856 4 |u http://is.stuba.sk/zp/portal_zp.pl?podrobnosti=176753 
996 |c M* BP-10062  |l MMSKP  |s P  |a 0  |w stuzp103812_0001